| 000 | 00436nam a2200193Ia 4500 | ||
|---|---|---|---|
| 008 | 210210b1942 xxu||||| |||| 00| 0 eng d | ||
| 041 | _aeng | ||
| 082 | _a520/160 | ||
| 100 | _aRAMACHANDRAN (G V) | ||
| 245 | _aText book of astronomy Ed 2 | ||
| 250 | _a | ||
| 260 |
_aTrichinopoly _bNot Mentioned _c1942 |
||
| 300 | _a328 | ||
| 650 | _aText | ||
| 650 | _abook | ||
| 650 | _aastronomy | ||
| 690 | _aAstronomy | ||
| 906 | _a008145 | ||
| 999 |
_c126016 _d126016 |
||